Advinhe o País Pelo Desenho - Statistics

Estatísticas Gerais
  • Esse quiz foi jogado 839 vezes
  • A pontuação média é 5 de 16
Respostas no mapa
Respostas codificadas por cores de uma escala verde-vermelha no mapa do quiz de acordo com a % correta abaixo.
 
Estatísticas das Respostas
% Correto
Alemanha
71%
Estados Unidos
71%
Chile
66%
Paquistão
64%
Croácia
62%
Grécia
59%
Argentina
57%
Etiópia
56%
México
54%
Vietnã
53%
Líbia
52%
Austrália
50%
Espanha
50%
Iraque
50%
Irlanda
50%
Níger
50%
Brasil
48%
Bulgária
48%
Cuba
48%
França
48%
Itália
48%
Madagascar
48%
Namíbia
48%
Somália
48%
Índia
47%
Libéria
47%
Egito
46%
Finlândia
46%
Japão
46%
Nigéria
45%
Noruega
45%
Omã
45%
Portugal
45%
Colômbia
44%
Marrocos
44%
Dinamarca
43%
Islândia
43%
Bolívia
42%
Jordânia
42%
Mauritânia
42%
Mônaco
42%
Reino Unido
42%
Sri Lanka
42%
Tailândia
42%
Tajiquistão
42%
Trinidad e Tobago
42%
Chipre
41%
Nepal
40%
Síria
40%
Géorgia
39%
Panamá
39%
Ucrânia
39%
África do Sul
38%
Áustria
38%
Birmânia
38%
Bósnia Herzegovina
38%
Cazaquistão
38%
Gana
38%
Jamaica
38%
Papua Nova Guiné
38%
Lituânia
37%
Rússia
37%
Togo
37%
Suécia
36%
El Salvador
35%
Paraguai
35%
Sudão do Sul
35%
Costa do Marfim
33%
Gabão
33%
Países Baixos
33%
República do Congo
33%
Tunísia
33%
Arábia Saudita
32%
Catar
32%
Guatemala
32%
Turquia
32%
Nova Zelândia
31%
Afeganistão
30%
Bangladesh
30%
Costa Rica
30%
Peru
30%
Polônia
30%
Venezuela
30%
Brunei
29%
Letônia
29%
Malásia
29%
Moçambique
29%
República Centro Africana
29%
Senegal
29%
Uzbequistão
29%
Iêmen
28%
China
27%
Uruguai
27%
Zâmbia
27%
Belize
26%
Haiti
26%
Kuwait
26%
Quênia
26%
Djibouti
25%
Israel
25%
Malawi
25%
Azerbaijão
24%
Chade
24%
Mali
24%
Taiwan
24%
Equador
23%
Guiana
23%
Argélia
22%
Coreia do Norte
22%
Coreia do Sul
22%
Emirados Árabes Unidos
22%
Suíça
22%
Camarões
21%
Nicarágua
21%
Quirguistão
21%
Tanzânia
21%
Irã
20%
República Dominicana
20%
Albânia
19%
Bélgica
19%
Malta
19%
Moldávia
19%
República Tcheca
19%
Benin
16%
Cidade do Vaticano
16%
Líbano
16%
Eslovênia
15%
Estônia
15%
Botswana
14%
Guiné
14%
Eritréia
13%
Gâmbia
13%
Honduras
13%
República Democrática do Congo
13%
Zimbábue
13%
Armênia
12%
Angola
10%
Serra Leoa
10%
Lesoto
8%
Laos
7%
Burundi
0%
Nenhum quiz correspondente encontrado
Distribuição das Pontuações
Porcentagem de Pessoas com Cada Pontuação
Percentil de Números Respondidos
Sua Pontuação Histórica
Você não jogou esse quiz